Devine le jeux vidéo en 2 mots - Statistiques

Statistiques générales
  • Ce quiz a été pris 1 945 fois
  • Le résultat moyen est 14 sur 20
Statistiques - réponses
indice jeux vidéo % Correct
football, équipe Fifa
96%
bloc, ressources Minecraft
95%
course, kart Mario Kart
94%
arme, guerre Call Of Duty
91%
football, voiture Rocket League
87%
jaune, fantômes Pac-Man
84%
basketball, panier NBA
82%
planeurs, construction Fortnite
80%
simulation, vie Les Sims
80%
puzzle, cube Tetris
80%
village, animaux Animal Crossing
79%
western, gang Red Dead Redemption
77%
action, vol GTA
76%
peinture, terrain Splatoon
74%
aventure, princesse Zelda
72%
combat, rue Street Fighter
71%
sport, télécommande Wii Sports
38%
arme, équipes Counter Strike
32%
plateformes, monde Super Mario Bros
25%
bataille, multijoueur League Of Legends
17%
Aucun quiz correspondant
Distribution des résultats
% des personnes avec chaque résultat
Percentile par nombre de réponses
Votre historique - résultats
Vous n’avez pas pris ce quiz